00621nam a2200217 a 450000100060000000300080000600500170001400800410003103500190007204000320009104100080012308200240013110000210015524500660017626000390024230000290028150000180031065000230032865000150035171000370036652284BD-RjUL20211209075759.0160907s1932 enkf b 001 0 eng  a(BD-RjUL)52404 aDLCcGATdGATdBD-RjULbeng aeng a535.6223bJER 193210aJevons, Wilfred.10aReport on band-spectra of diatomic molecules /cby W. Jevons. aLondon :bPhysical Society,c1932. a308 p. :bill. ;c20 cm. aInclude index 0aSpectrum analysis. 0aMolecules.2 aPhysical Society (Great Britain)